Bengali literature since independence. (Record no. 81450)

MARC details
000 -LEADER
fixed length control field 00701cam a22002051 4500
001 - CONTROL NUMBER
control field sa 68006689
003 - CONTROL NUMBER IDENTIFIER
control field DLC
005 - DATE AND TIME OF LATEST TRANSACTION
control field 20260227112518.0
008 - FIXED-LENGTH DATA ELEMENTS--GENERAL INFORMATION
fixed length control field 710915s1955 ii 100 0 eng
010 ## - LIBRARY OF CONGRESS CONTROL NUMBER
LC control number sa 68006689
040 ## - CATALOGING SOURCE
Original cataloging agency DLC
Transcribing agency DLC
Modifying agency DLC
043 ## - GEOGRAPHIC AREA CODE
Geographic area code a-ii---
-- a-pk---
050 00 - LIBRARY OF CONGRESS CALL NUMBER
Classification number PK1708
Item number .S2 1953
111 2# - MAIN ENTRY--MEETING NAME
Meeting name or jurisdiction name as entry element Santiniketan Sahityamela,
Location of meeting Shānti Niketan, India,
Date of meeting or treaty signing 1953.
245 10 - TITLE STATEMENT
Title Bengali literature since independence.
Statement of responsibility, etc. Edited by Lila Ray.
260 ## - PUBLICATION, DISTRIBUTION, ETC.
Place of publication, distribution, etc. [Santiniketan,
Name of publisher, distributor, etc. Published for and on behalf of the Sahityamela by the Treasurer, S. Basu,
Date of publication, distribution, etc. 1955]
300 ## - PHYSICAL DESCRIPTION
Extent 24 p.
Dimensions 25 cm.
650 #0 - SUBJECT ADDED ENTRY--TOPICAL TERM
Topical term or geographic name entry element Bengali literature
Chronological subdivision 20th century
General subdivision History and criticism.
700 1# - ADDED ENTRY--PERSONAL NAME
Personal name Ray, Lila,
Relator term ed.

No items available.

Powered by Koha